Τέχνη και τεχνική

Αποθηκεύτηκε σε:
Λεπτομέρειες βιβλιογραφικής εγγραφής
Κύριος συγγραφέας: Mumford, Lewis, 1895-1990
Άλλοι συγγραφείς: Τομανάς, Βασίλης (Μεταφραστής)
Μορφή: Βιβλίο
Γλώσσα:Greek
English
Δημοσίευση: Σκόπελος : Νησίδες, 1997.
Θέματα:
Ετικέτες: Προσθήκη ετικέτας
Δεν υπάρχουν, Καταχωρήστε ετικέτα πρώτοι!

MARC

LEADER 00000cam a2200000 i 4500
001 1/69175
008 041220s1997 gr | ||| |||| ||gre||
020 |a 9608480183 
035 |l 10075909 
040 |a GR-MyUA  |b gre  |e AACR2 
041 1 |a gre  |h eng 
082 7 |a 701   |2 (21) 
100 1 |a Mumford, Lewis,   |d 1895-1990. 
245 1 0 |a Τέχνη και τεχνική /   |c Λιούις Μαμφορντ ; μετάφραση Βασίλης Τομανάς.  
260 |a Σκόπελος :   |b Νησίδες,   |c 1997.  
300 |a 165 σ. ;   |c 20 εκ.  
500 |a Τίτλος πρωτοτύπου: Art and technics.  
650 0 |a Art. 
650 0 |a Art  |x Philosophy. 
650 0 |a Art and technology. 
650 0 |a Art and society. 
700 1 |a Τομανάς, Βασίλης,  |e trl 
852 |a INST  |b SYROS  |e 20041220  |h 701 MUM  |p 005500004093  |q 005500004093  |t BK  |y 0 
901 |a BIBL5-2004-3 
920 |a ΔΙΕΥΡΥΝΣΗ  |b ΕΠΕΑΕΚ-ΤΜΣΠΣ  |y Σύρος  |z 2004-10 
970 |a ΚΟΝΤΟΥ  |b ΠΑΡΑΣΚΕΥΗ  |z 2004/12/20